000 01526cad a22002775a 4500
001 E152503
008 110321s2011 stk f s000 0 eng d
020 _a9781780451428
022 1 _a0141-514X
035 _a(Sirsi) u152503
041 0 _aeng
050 0 4 _a711.1 $2 18
110 2 _aScotland
_bScottish Government
_95344
245 0 4 _aThe Town and Country Planning (General Permitted Development) (Non-Domestic Microgeneration) (Scotland) Amendment Order 2011
_bplanning circular 2 2011
_h[electronic resource]
260 _aEdinburgh
_bScottish Government
_c2011
490 0 _aPlanning Circular
_v(2/2011)
520 _aOffers guidance on the provisions of the Town and Country Planning (General Permitted Development) (Non-Domestic Microgeneration) (Scotland) Amendment Order 2011, which came into force on 18 March 2011. The Order allows microgeneration equipment to be installed on existing non-domestic buildings without the need to apply for planning permission.
521 _aAdvanced
590 _aKA
650 1 4 _aTOWN AND COUNTRY PLANNING (GENERAL PERMITTED DEVELOPMENT) (SCOTLAND) ORDER 1992
650 2 4 _aTOWN AND COUNTRY PLANNING (GENERAL PERMITTED DEVELOPMENT) (NON-DOMESTIC MICROGENERATION) (SCOTLAND) AMENDMENT ORDER 2011
651 4 _aScotland
_y1999-
690 _aENVIRONMENTAL AND LAND CONSULTANCY-PLANNING AND DEVELOPMENT-PLANNING GUIDANCE
856 4 0 _uhttps://www.scotland.gov.uk/Publications/2011/03/17092643/0
_zView the circular free of charge at www.scotland.gov.uk...
942 _n0
999 _c112079
_d112079